| 000 | 00970nam a2200217Ia 4500 | ||
|---|---|---|---|
| 999 |
_c26861 _d26861 |
||
| 003 | OSt | ||
| 005 | 20210517130124.0 | ||
| 008 | 160316s2010 xxu||||| |||| 00| 0 eng d | ||
| 020 | _a9780415684170 | ||
| 040 | _cnls | ||
| 082 |
_a341.000000 _bFOR |
||
| 100 | _aForrest Craig | ||
| 245 | _aInternational law and the protection of cultural heritage | ||
| 260 |
_aLondon _bRoutledge _c2010 |
||
| 300 |
_a458p _cxix |
||
| 365 | _b Rs. 5,340 | ||
| 505 | _aTable of Contents: 1. Defining Cultural Heritage In International Law; 2. International Legal Framework; 3. Cultural Heritage and Armed Conflicts; 4. The Return, Restitution and Repatriation of Movable Cultural Heritage; 5. World Heritage Convention; 6. Underwater Cultural Heritage; 7. Intangible Cultural Heritage; 8. From Five International Conventions to an International Law of Co-Operation. | ||
| 650 | _a1. International Law2. Cultural Property - Protection | ||
| 700 |
_a _a |
||
| 942 |
_2ddc _cBK |
||